History Quiz

Random History or Famous Quiz

American Patriots Quiz Stats

 Plays Quiz not verified by Sporcle

Challenge
Share
Tweet
Embed
Score 0/15 Timer 06:00
0 Plays Today
Description Patriot % Correct
One of the Sons of Liberty who was famous for his 'Midnight Ride' on the eve of the beginning of The Revolutionary War.Paul Revere
90.3%
Was the Commander and Chief of the American Army during the American Revolution, the First U.S. President, and 'The Father of Our Country.'George Washington
86.1%
Writer of the Declaration of Independence, and 3rd President of The United States of America.Thomas Jefferson
83.3%
Was a Famous Patriot, Inventor, Scientist, Statesman, Journalist, and a Signer of The Declaration of Independence.Benjamin Franklin
81.9%
He was one of the 'Sons of Liberty' and the first person to Sign The Declaration of Independence (and the largest).John Hancock
81.9%
Cousin of Samuel Adams, and a strong promoter of American Independence during the Meetings of the Second Continental Congress in 1776. He later went on to be America's First Vice PJohn Adams
79.2%
Her sewing skills produced 'Old Glory' for the very first time. Betsy Ross
76.4%
His famous speech before Congress ended with his Famous Quote: 'I do not know what course other men will take; but as for me, 'Give me liberty, or give me death!'Patrick Henry
70.8%
Description Patriot % Correct
An American Patriot who wrote Common Sense which inspired The American Revolution. The money he made with his writings he gave to The American Revolution Cause.Thomas Paine
70.8%
One of the 'Sons of Liberty' and the 'Father of The American Revolution.' He lead The Boston Tea Party and was part of the First Continental Congress.Samuel Adams
59.7%
Patriot who at the time of his execution uttered the famous quote: 'I regret, but that I only have one life to give for my Country.'Nathan Hale
55.6%
Was the Brave Naval Officer in The American Revolution who in the heat of battle said 'I have only just begun to fight.'John Paul Jones
47.2%
He was known as 'The Swamp Fox.' He and His Army took on the Redcoats and Tories by using the 'Element of Surprise' and hiding out in the Swamps in the Southern Colonies. Francis Marion
33.3%
Was a Major General of the Patriot Army during the American Revolution. Next to George Washington, he was the highest ranking officer of The Continental Army.Nathaniel Greene
20.8%
The phrase 'Taxation without Representation is Tyranny' is usually attributed to him. Died by being struck with lightning.James Otis
6.9%

You're not logged in!

Compare scores with friends on all Sporcle quizzes.
OR
Log In

You Might Also Like...

Show Comments

Extras

Top Quizzes Today


Score Distribution

Your Account Isn't Verified!

In order to create a playlist on Sporcle, you need to verify the email address you used during registration. Go to your Sporcle Settings to finish the process.

Report this User

Report this user for behavior that violates our Community Guidelines.

Details: